Syntéza varioxiránu
Na minha lista:
| Autor principal: | |
|---|---|
| Outros Autores: | |
| Formato: | Manuscrito Livro |
| Idioma: | eslovaco |
| Publicado em: |
2015
|
| Assuntos: | |
| Acesso em linha: | http://is.stuba.sk/zp/portal_zp.pl?podrobnosti=101298 |
| Tags: |
Sem tags, seja o primeiro a adicionar uma tag!
|
MARC
| LEADER | 00000ntm a22000003a 4500 | ||
|---|---|---|---|
| 001 | stuzp53048 | ||
| 003 | SK-STU | ||
| 005 | 20160719154349.0 | ||
| 007 | ta | ||
| 008 | 150427s2015----xo-----f-mn---000-0-slo-d | ||
| 040 | |a STU |b slo | ||
| 041 | 0 | |a slo | |
| 100 | 1 | |a Vajová, Izabela |u 048140 |4 aut |U FCHPT Ústav organickej chémie, katalýzy a petrochémie |T FCHPT Oddelenie organickej chémie |X 60610 |U C8140 |Y 124 |7 60610 | |
| 242 | 0 | 1 | |a Synthesis of Varioxirane |y eng |
| 245 | 1 | 0 | |a Syntéza varioxiránu |
| 260 | |c 2015 | ||
| 650 | 4 | |a chiral pool syntéza |2 slo | |
| 650 | 4 | |a varioxirán |2 slo | |
| 650 | 4 | |a varitriol |2 slo | |
| 650 | 4 | |a syntéza prírodných látok |2 slo | |
| 650 | 4 | |a Sharplessová asymetrická epoxidácia |2 slo | |
| 650 | 4 | |a varioxirane |2 eng | |
| 650 | 4 | |a varitriol |2 eng | |
| 650 | 4 | |a synthesis of natural products |2 eng | |
| 650 | 4 | |a chiral pool synthesis |2 eng | |
| 650 | 4 | |a Sharpless asymmetric epoxidation |2 eng | |
| 700 | 1 | |a Lásiková, Angelika |4 ths |X 3970 |7 A000003970 | |
| 856 | 4 | |u http://is.stuba.sk/zp/portal_zp.pl?podrobnosti=101298 | |
| SQL | |a stuzp53048 |b DBP |c SLO |d Syntéza varioxiránu |e 60610 |f Vajová, Izabela |g 048140 |h 3970 |i Lásiková, Angelika |j 20150713 |k 752 |l 04 |m http://is.stuba.sk/zp/portal_zp.pl?podrobnosti=101298 |n B-BIOPOT |o 5.2.25. biotechnológie | ||